Statistics for FIFA 19 Soundtrack

Click here to take the quiz!

General Stats

  • This quiz has been taken 14 times
  • The average score is 24 of 43

Answer Stats

ArtistSong% Correct
BakarB{ig} {Dreams}
88%
Childish GambinoF{eels} {Like} {Summer}
88%
LSD (Labrinth, Sia, Diplo)G{enius}
88%
Billie EilishY{ou} {should} {see} {me} {in} {a} {crown}
88%
Bugzy MaloneO{rdinary} {People}
75%
Wovoka Gentle1{000} {Opera} {Singers} {Working} {In} {Starbucks}
63%
GhaliH{abibi}
63%
Jacob BanksL{ove} {Ain't} {Enough}
63%
BroodsP{each}
63%
Sam FenderP{lay} {God}
63%
Easy LifeP{ockets}
63%
GorillazS{orcererz}
63%
Tove StyrkeS{way}
63%
Ocean WisdomT{om} & {Jerry}
63%
Bas feat. J. ColeT{ribe}
63%
MansionairV{iolet} {City}
63%
Crystal FightersA{nother} {Level}
50%
JungleB{eat} {54} ({All} {Good} {Now})
50%
Andreya TrianaB{eautiful} {People}
50%
SUN SILVAB{lue} {Light}
50%
No/MeC{onsistent}
50%
NoMBe (feat. Big Data)D{rama}
50%
Husky Loops feat. MEI & Count CounsellorE{verytime} {I} {Run}
50%
Death Cab for CutieG{old} {Rush}
50%
Tom Misch feat. Loyle Carner, Barney Artist, Rebel KleffG{ood} {To} {Be} {Home}
50%
Bob MosesH{eaven} {Only} {Knows}
50%
Atomic Drum AssemblyI{sland} {Life}
50%
Peggy GouI{t} {Makes} {You} {Forget} ({Itgehane})
50%
Bearson feat. Lemaitre and Josh PaI{t's} {Not} {This}
50%
Bantu & Dr. ChaiiJ{ackie} {Chan}
50%
Gizmo Varillas & Baio (Baio Remix)L{osing} {You}
50%
Yolanda Be Cool feat. Kwanzaa PosseM{usika}
50%
Confidence ManO{ut} {The} {Window}
50%
Lao RaP{a'lante}
50%
LADAMA (TOY SELECTAH Remix)P{orro} {Maracatu}
50%
BC Unidos feat. U.S. Girls & LedinskyT{ake} {It} {Easy}
50%
StealthT{ruth} {Is}
50%
Kojey Radical, Mahalia & SwindleW{ater}
50%
Stereo HoneyW{here} {No} {One} {Knows} {Your} {Name}
50%
Young FathersB{order} {Girl}
38%
Courtney BarnettC{ity} {Looks} {Pretty}
38%
True RipperI'{ll} {Come} {Find} {You}
13%
Logic (feat. Young Sinatra)W{arm} {It} {Up}
13%

Score Distribution

Percentile by Number Answered

Percent of People with Each Score

Your Score History

You have not taken this quiz